Statistics for Donald Trump - Quotes

Click here to take the quiz!

General Stats

  • This quiz has been taken 873 times
  • The average score is 4 of 11

Answer Stats

QuoteAnswer% Correct
I will build a great, great ____ on our southern borderwall
98%
My dad gave me a ____ ____ of $1 millionsmall loan
67%
The concept of global warming was created by and for the _______ in order to make U.S. manufacturing non-competitive.Chinese
64%
I have never seen a ____ person drinking Diet Coke.thin
53%
We will have so much _______ if I get elected that you may get bored with _______winning
39%
I saw a report yesterday. There’s so much ___, all over the world, they don’t know where to dump it.oil
21%
One of the key problems today is that politics is such a disgrace. _____ _____ don’t go into government.Good people
18%
Did you read about ________? No more 'Merry Christmas' at _______. No more. Maybe we should boycott _______Starbucks
14%
I’m the worst thing that’s ever happened to ____ISIS
8%
If you can’t get rich dealing with _______, there’s something wrong with you.politicians
6%
The point is, you can never be too ______greedy
4%

Score Distribution

Percentile by Number Answered

Percent of People with Each Score

Your Score History

You have not taken this quiz